000 00623nam a2200217Ia 4500
003 IIN
005 20240129150838.0
008 231217s9999 xx 000 0 und d
020 _cRs.725.00
_a9789386006554
040 _aIIN
_bEnglish
082 _a610.73677
_bBHA
100 1 _aBhagavan, D.C.
245 1 _aTextbook on Operation Theater Technology
_cD.C. Bhagavan, P.V. Ramachandran, Nisha Clement
260 _bEMMESS
_aBangalore
_c2022
300 _axi, 443p.
650 1 _aMedical Surgical
_vNursing
650 1 _aSurgical Technology
700 1 _aRamachandran, P.V.
700 1 _aClement, Nisha
942 _cBOOK
999 _c1579
_d1579